Sports Quiz

Random Sports or Football Quiz

NFL Lions Top 20 Passing Yardage Leaders Quiz Stats

Quiz not verified by Sporcle

Challenge
Share
Tweet
Embed
Score 0/20 Timer 04:00
0 Plays Today
Yardage Passer % Correct
30,303Matthew Stafford
99.5%
12,647Scott Mitchell
86.4%
10,242Joey Harrington
85.5%
15,710Bobby Layne
84.2%
9,034Jon Kitna
78.3%
9,016Charlie Batch
69.7%
8,164Rodney Peete
67.9%
12,451Greg Landry
67.4%
11,885Gary Danielson
63.8%
10,711Eric Hipple
63.8%
Yardage Passer % Correct
3,408Erik Kramer
62.4%
2,891Shaun Hill
48%
3,743Chuck Long
43%
8,461Bill Munson
33.9%
8,536Milt Plum
27.6%
3,609Tobin Rote
27.1%
2,861Bob Gagliano
20.4%
6,280Earl Morrall
18.1%
3,520Jim Ninowski
7.2%
2,961Clyde LeForce
4.1%

You're not logged in!

Compare scores with friends on all Sporcle quizzes.
Join for Free
OR
Log In

You Might Also Like...

Show Comments

Extras

Top Quizzes Today


Score Distribution

Your Account Isn't Verified!

In order to create a playlist on Sporcle, you need to verify the email address you used during registration. Go to your Sporcle Settings to finish the process.

Report this User

Report this user for behavior that violates our Community Guidelines.

Details: